000
00285nam a22001337a 4500
008
170421b xxu||||| |||| 00| 0 eng d
020
_a
1563961326
041
_a
eng
080
_a
573
100
_a
11
101
_a
SHM
245
_a
MOLECULAR BEAM EPITAXY
_c
CHO, A
942
_2
udc
_c
BK
999
_c
11561
_d
11561